Advanced engineering mathematics (Record no. 1337)

000 -LEADER
fixed length control field 00610nam a2200217 a 4500
001 - CONTROL NUMBER
control field 1337
003 - CONTROL NUMBER IDENTIFIER
control field BD-DhUET
008 - FIXED-LENGTH DATA ELEMENTS--GENERAL INFORMATION
fixed length control field 980909s1999 nyua b 001 0 eng
020 ## - INTERNATIONAL STANDARD BOOK NUMBER
International Standard Book Number 047133328X
040 ## - CATALOGING SOURCE
Original cataloging agency DLC
Transcribing agency DLC
Modifying agency BD-DhUET
082 00 - DEWEY DECIMAL CLASSIFICATION NUMBER
Classification number 530.15
Item number KRE/1999
100 ## - MAIN ENTRY--PERSONAL NAME
Personal name Kreyszig, Erwin
245 10 - TITLE STATEMENT
Title Advanced engineering mathematics
250 ## - EDITION STATEMENT
Edition statement 8th ed.
260 ## - PUBLICATION, DISTRIBUTION, ETC. (IMPRINT)
Place of publication, distribution, etc. New Delhi
Name of publisher, distributor, etc. John Wiley & Sons
Date of publication, distribution, etc. 1999
300 ## - PHYSICAL DESCRIPTION
Extent xvi,1156 p.+ various paging
504 ## - BIBLIOGRAPHY, ETC. NOTE
Bibliography, etc Includes bibliographies
650 #0 - SUBJECT ADDED ENTRY--TOPICAL TERM
Topical term or geographic name as entry element Engineering mathematics
856 41 - ELECTRONIC LOCATION AND ACCESS
Uniform Resource Identifier http://www.loc.gov/catdir/toc/onix04/98037591.html
942 ## - ADDED ENTRY ELEMENTS (KOHA)
Koha item type General Book
Holdings
Withdrawn status Koha renewals Price effective from Location (home branch) Koha issues (times borrowed) Damaged status Koha full call number Koha date last borrowed Copy number Source of classification or shelving scheme Date acquired Koha item type Shelving location Koha normalized classification for sorting Piece designation (barcode) Sublocation or collection (holding branch) Lost status Koha date last seen Not for loan
  2014-09-03Central Library, BUET2 530.15/KRE/19992024-01-301 2014-09-03General BookCirculation section530_000000000000000_15KRE1999103814Central Library, BUET 2024-03-06 
  2014-09-03Central Library, BUET  530.15/KRE/1999 2 2014-09-03General BookCirculation section530_000000000000000_15KRE1999103815Central Library, BUET 2014-09-03 
  2014-09-03Central Library, BUET6 530.15/KRE/19992024-01-223 2014-09-03General BookCirculation section530_000000000000000_15KRE1999103816Central Library, BUET 2024-02-03 
  2014-09-03Central Library, BUET3 530.15/KRE/19992024-01-304 2014-09-03General BookCirculation section530_000000000000000_15KRE1999103817Central Library, BUET 2024-02-17 
  2014-09-03Central Library, BUET5 530.15/KRE/19992024-01-305 2014-09-03General BookCirculation section530_000000000000000_15KRE1999103818Central Library, BUET 2024-02-19 
 22014-10-27Central Library, BUET8 530.15/KRE/19992024-01-306 2014-10-27General BookCirculation section530_150000000000000_KRE_199997509Central Library, BUET 2024-02-05 
  2015-06-16Central Library, BUET  530.15/KRE/1999 7 2015-06-16Reading ItemReading section530_150000000000000_KRE_199996647Central Library, BUET 2015-06-16 
  2017-05-28Central Library, BUET8 530.15/KRE/19992025-12-018 2003-05-10General BookCirculation section530_150000000000000_KRE_199997508Central Library, BUET 2026-01-18